000 01184nam0a22003131 4500
001 RU\NLR\INFOCOMM_195\5000049021
005 20250613092747.0
035 _a(NLR Aleph) 009175655
090 _a8540242
_c8540242
100 _a20100307d1965 |||y0rusy50 ca
101 0 _aeng
102 _aRU
105 _aa ||||000|y
200 1 _aNucleon-nucleon potential with a soft core for the ¹S₀ state in the energy region 0.17-310 MeV
_fI. Bystricky, F. Lehar, I. Ulehla
210 _aДубна
_d1965
215 _a6 с.
_cграф.
_d22 см
225 1 _aˆ[‰Издания]
_fОбъед. ин-т ядерных исследований
_iЛаборатория ядерных проблем
_iЛаборатория теоретической физики
_vE-2440
309 _aОтпечат. множит. аппаратом
320 _aБиблиогр.: с. 4
686 _aФз-1605[В382.213.0]
_2rubbk
700 1 _9z01790
_aBystrickij
_bI.
_gIvan
_4070
701 1 _aLehar
_bF.
_4070
701 1 _aUlehla
_bI.
_4070
790 1 _9z01700
_aBystricky
_bI.
_4070
801 1 _aRU
_bNLR
_c20100307
801 0 _aRU
_bNLR
_gPSBO
852 _aNLR
_jP11/3130
942 _cBOOK
980 _aNB